Wessex painting and decorating price book (Record no. 113549)

MARC details
000 -LEADER
fixed length control field 01050cam a22002775a 4500
001 - CONTROL NUMBER
control field L155407
008 - FIXED-LENGTH DATA ELEMENTS--GENERAL INFORMATION
fixed length control field 100428s2012 xxkd f 001 0 eng d
020 ## - INTERNATIONAL STANDARD BOOK NUMBER
International Standard Book Number 9781907196249
035 ## - SYSTEM CONTROL NUMBER
System control number (Sirsi) u155407
041 0# - LANGUAGE CODE
Language code of text/sound track or separate title eng
050 04 - LIBRARY OF CONGRESS CALL NUMBER
Classification number 692.5 $2 18
110 2# - MAIN ENTRY--CORPORATE NAME
Corporate name or jurisdiction name as entry element Building Cost Information Service
9 (RLIN) 1096
245 00 - TITLE STATEMENT
Title Wessex painting and decorating price book
Remainder of title 2012
250 ## - EDITION STATEMENT
Edition statement 19th ed.
260 ## - PUBLICATION, DISTRIBUTION, ETC.
Place of publication, distribution, etc. Poole
Name of publisher, distributor, etc. BCIS
Date of publication, distribution, etc. 2012
300 ## - PHYSICAL DESCRIPTION
Extent v, 174p.
Dimensions 19cm.
350 ## - PRICE (NR) (BK AM CF MU VM SE) [OBSOLETE]
Price 40
520 ## - SUMMARY, ETC.
Summary, etc. Provides guide prices for for painting and decoration in new buildings and for redecoration in existing properties. The rates are presented in the following sections: basic rates; new internal work; new external work; wall coverings; internal redecoration; external redecoration; and composite prices.
520 ## - SUMMARY, ETC.
Summary, etc. Supersedes 18th ed. (ISBN 9781907196133).
521 ## - TARGET AUDIENCE NOTE
Target audience note Advanced
590 ## - LOCAL NOTE (RLIN)
Local note KA
651 #4 - SUBJECT ADDED ENTRY--GEOGRAPHIC NAME
Geographic name United Kingdom
Chronological subdivision
690 ## - LOCAL SUBJECT ADDED ENTRY--TOPICAL TERM (OCLC, RLIN)
Topical term or geographic name as entry element BUILT ENVIRONMENT-BUILDING MAINTENANCE AND REFURBISHMENT-MAINTENANCE COSTS
942 ## - ADDED ENTRY ELEMENTS (KOHA)
Suppress in OPAC 0
Holdings
Withdrawn status Lost status Source of classification or shelving scheme Damaged status Not for loan Home library Current library Shelving location Date acquired Total Checkouts Full call number Barcode Date last seen Copy number Price effective from Koha item type
    Dewey Decimal Classification     London London Archive copy 21/03/2012   RICS 2012/7 30077336 06/08/2019 1 06/08/2019 Archive
    Dewey Decimal Classification     London London Basement 21/03/2012   692.5 BUI 30077338 06/08/2019 2 06/08/2019 Book
    Dewey Decimal Classification     London London Basement 21/03/2012   692.5 BUI 30077339 06/08/2019 3 06/08/2019 Book